000 00855nam a22002897a 4500
003 CHAP
005 20220817041743.0
008 971013s1944 r 00010 d
010 _a23384
011 _a24356
035 _a28455
040 _cCHAP
082 _a551.5
_bB73
100 0 0 _aBrands, George J.
_915036
245 _aMeteorology, a practical course in weather
260 _aNew York :
_bMcGraw-Hill,
_c1944
300 _a235 p.
_b: ilus.
590 _aBATCH-UPD
_b10
_c20130110
_lUCH01
_h1701
590 _aBATCH-UPD
_b10
_c20130410
_lUCH01
_h1049
590 _aBATCH-UPD
_b10
_c20130914
_lUCH01
_h0800
590 _aCONVERSION
_b10
_c20130109
_lUCH01
_h1314
650 1 4 _aMeteorologĂ­a.
650 1 4 _aTiempo (Atmosférico)
_9113048
901 _aBK
942 _cLIBRO
949 _a551.5 B73
_bBC
_cLIBRO
_d33724000456919
_eLIBRO
_h26478
_i28455
_si
999 _c23384
_d23384